[Event "CRO-ch U15 Girls"]
[Site "Trogir"]
[Date "2020.08.29"]
[Round "9"]
[White "Grdenic, Ela"]
[Black "Mihaljevic, Eva"]
[Result "0-1"]
[WhiteElo "1217"]
[BlackElo "1223"]
[PlyCount "52"]
[EventDate "2020.08.24"]
[EventType "swiss"]
[EventRounds "9"]
[EventCountry "CRO"]
[SourceTitle "CBM 198 Extra"]
[Source "ChessBase"]
[SourceDate "2020.11.30"]
[SourceVersion "1"]
[SourceVersionDate "2020.11.30"]
[SourceQuality "1"]

1. d4 e6 2. e3 f5 3. c4 Nf6 4. Nc3 Bb4 5. Bd2 0-0 6. a3 Bxc3 7. Bxc3 Ne4 8. Nf3 d6 9. Qc2 Nd7 10. g3 Qe8 11. Nd2 Ndf6 12. Bg2 Qg6 13. f3 Nxc3 14. Qxc3 Bd7 15. 0-0-0 b5 16. f4 Rab8 17. b4 bxc4 18. Nxc4 Qe8 19. Na5 Rb6 20. Kd2 Qh5 21. Rc1 Bb5 22. Rce1 Ne4+ 23. Bxe4 fxe4 24. Qxc7 Qf3 25. Qxa7 Rc8 26. Qxb6 Qf2+ 0-1

[Event "CRO-ch U15 Girls"]
[Site "Trogir"]
[Date "2020.08.28"]
[Round "7"]
[White "Grdenic, Ela"]
[Black "Vidovic, Petra"]
[Result "1-0"]
[WhiteElo "1217"]
[BlackElo "1537"]
[PlyCount "85"]
[EventDate "2020.08.24"]
[EventType "swiss"]
[EventRounds "9"]
[EventCountry "CRO"]
[SourceTitle "CBM 198 Extra"]
[Source "ChessBase"]
[SourceDate "2020.11.30"]
[SourceVersion "1"]
[SourceVersionDate "2020.11.30"]
[SourceQuality "1"]

1. d4 f5 2. e3 e6 3. Nf3 Nf6 4. c4 b6 5. Nc3 Bb7 6. b3 Bd6 7. Bb2 0-0 8. Be2 Ne4 9. Qc2 Na6 10. a3 Rf6 11. Nb5 Be7 12. Rf1 Rg6 13. g3 Rf6 14. 0-0-0 c6 15. Nc3 Nxc3 16. Qxc3 Qf8 17. b4 Nb8 18. c5 a5 19. Qb3 Rh6 20. h4 d5 21. bxa5 b5 22. a4 Rxa5 23. axb5 cxb5 24. Bxb5 Rxb5 25. Qxb5 Ba6 26. Qb3 Bxf1 27. Rxf1 Qc8 28. Kd2 Nd7 29. Rc1 Nf6 30. c6 Ne4+ 31. Ke1 Qc7 32. Qb7 Bd8 33. Ra1 Nd6 34. Qxc7 Bxc7 35. Ra7 Ne8 36. Ra8 Kf7 37. Ne5+ Ke7 38. Ba3+ Nd6 39. Ra7 Kd8 40. Bxd6 Bxd6 41. Nf7+ Kc8 42. Nxh6 gxh6 43. Rxh7 1-0

[Event "CRO-ch U15 Girls"]
[Site "Trogir"]
[Date "2020.08.27"]
[Round "6"]
[White "Balent, Sara"]
[Black "Grdenic, Ela"]
[Result "0-1"]
[WhiteElo "1172"]
[BlackElo "1217"]
[PlyCount "64"]
[EventDate "2020.08.24"]
[EventType "swiss"]
[EventRounds "9"]
[EventCountry "CRO"]
[SourceTitle "CBM 198 Extra"]
[Source "ChessBase"]
[SourceDate "2020.11.30"]
[SourceVersion "1"]
[SourceVersionDate "2020.11.30"]
[SourceQuality "1"]

1. e4 e6 2. d4 d5 3. Nd2 c5 4. c3 Nc6 5. Ne2 a6 6. e5 Qb6 7. Nf3 cxd4 8. cxd4 Bb4+ 9. Bd2 Nge7 10. a3 Bxd2+ 11. Qxd2 h6 12. Nf4 Nf5 13. Rd1 Bd7 14. g4 Nfe7 15. b4 Rc8 16. Be2 Na7 17. Nh5 Rg8 18. Nh4 Qd8 19. Rg1 Bb5 20. g5 Bxe2 21. Kxe2 Nec6 22. Nf3 hxg5 23. Rxg5 Kf8 24. Rdg1 g6 25. Nf6 Rh8 26. h4 Nb5 27. Qd3 Ne7 28. a4 Rc3 29. Qd2 Qc7 30. Ne1 Qc4+ 31. Kd1 Nxd4 32. R5g4 Qb3+ 0-1

[Event "Krapina op 9th"]
[Site "Krapina"]
[Date "2019.01.19"]
[Round "5"]
[White "Grdenic, Ela"]
[Black "Klement, Dubravko"]
[Result "0-1"]
[WhiteElo "1656"]
[BlackElo "1813"]
[PlyCount "70"]
[EventDate "2019.01.17"]
[EventType "swiss"]
[EventRounds "7"]
[EventCountry "CRO"]
[SourceTitle "CBM 188 Extra"]
[Source "ChessBase"]
[SourceDate "2019.02.26"]
[SourceVersion "1"]
[SourceVersionDate "2019.02.26"]
[SourceQuality "1"]

1. d4 Nf6 2. e3 g6 3. c4 Bg7 4. Nf3 d6 5. Bd3 0-0 6. 0-0 Re8 7. h3 e5 8. dxe5 dxe5 9. Bc2 Bd7 10. e4 Nc6 11. Bg5 h6 12. Bxf6 Bxf6 13. Nc3 Nd4 14. Nxd4 exd4 15. Nd5 Bg7 16. Rb1 c6 17. Nf4 Qc7 18. Ne2 c5 19. Re1 Rad8 20. Qd2 Bc6 21. Qf4 Qa5 22. Bb3 Rxe4 23. Qc1 Rde8 24. Qc2 Qd8 25. Qd2 Qe7 26. Kf1 Qd6 27. Ng3 Rxe1+ 28. Rxe1 Rxe1+ 29. Qxe1 Qf4 30. Bc2 h5 31. Kg1 h4 32. Ne4 Qe5 33. Qb1 Bh6 34. a3 f5 35. Nxc5 Qxc5 0-1

[Event "Krapina op 9th"]
[Site "Krapina"]
[Date "2019.01.17"]
[Round "1"]
[White "Babic, Mladen"]
[Black "Grdenic, Ela"]
[Result "1-0"]
[WhiteElo "1820"]
[BlackElo "1656"]
[PlyCount "53"]
[EventDate "2019.01.17"]
[EventType "swiss"]
[EventRounds "7"]
[EventCountry "CRO"]
[SourceTitle "CBM 188 Extra"]
[Source "ChessBase"]
[SourceDate "2019.02.26"]
[SourceVersion "1"]
[SourceVersionDate "2019.02.26"]
[SourceQuality "1"]

1. d4 e6 2. e4 d5 3. e5 c5 4. c3 Nc6 5. Nf3 Qb6 6. Be2 Nge7 7. 0-0 Nf5 8. dxc5 Bxc5 9. b4 Be7 10. a4 Qc7 11. Bf4 0-0 12. Bd3 Rd8 13. g4 Nh4 14. Nxh4 Bxh4 15. g5 d4 16. Qh5 Bxf2+ 17. Rxf2 g6 18. Qf3 dxc3 19. Nxc3 Nxb4 20. Bf1 Qc5 21. Ne4 Qd4 22. Be3 Qxa1 23. Qxf7+ Kh8 24. Qf6+ Kg8 25. Qxd8+ Kg7 26. Qe7+ Kh8 27. Rf8# 1-0